[Event "Montreal-ch op"]
[Site "Montreal"]
[Date "2012.09.08"]
[Round "2"]
[White "Galbadrakh, Enkh Amar"]
[Black "Hebert, Jean"]
[Result "0-1"]
[WhiteElo "2160"]
[BlackElo "2399"]
[PlyCount "64"]
[EventDate "2012.09.07"]
[EventType "swiss"]
[EventRounds "5"]
[EventCountry "CAN"]
[SourceTitle "EXT 2013"]
[Source "ChessBase"]
[SourceDate "2012.11.22"]
[SourceVersion "1"]
[SourceVersionDate "2012.11.22"]
[SourceQuality "1"]

1. Nf3 c5 2. c4 Nf6 3. Nc3 Nc6 4. g3 d5 5. cxd5 Nxd5 6. Bg2 Nc7 7. 0-0 e5 8. d3 Be7 9. Be3 0-0 10. Rc1 Bd7 11. Nd2 Rc8 12. Nd5 Nxd5 13. Bxd5 Bh3 14. Bg2 Bxg2 15. Kxg2 Qd5+ 16. Kg1 Qxa2 17. Nc4 Qa6 18. Ra1 Qb5 19. Ra3 b6 20. Qc2 Rfd8 21. Rfa1 a5 22. Qb3 Nb4 23. Nxe5 Qe8 24. Nc4 Rc6 25. Re1 Re6 26. Raa1 a4 27. Qd1 b5 28. Na3 c4 29. d4 Rxe3 30. fxe3 Bg5 31. h3 Bxe3+ 32. Kh2 Bxd4 0-1

[Event "Quebec op"]
[Site "Montreal"]
[Date "2012.07.28"]
[Round "9"]
[White "Galbadrakh, Enkh Amar"]
[Black "Arsenault, Nicolas"]
[Result "1-0"]
[WhiteElo "2105"]
[BlackElo "2106"]
[PlyCount "123"]
[EventDate "2012.07.21"]
[EventType "swiss"]
[EventRounds "9"]
[EventCountry "CAN"]
[SourceTitle "EXT 2022"]
[Source "ChessBase"]
[SourceDate "2021.10.06"]
[SourceVersion "1"]
[SourceVersionDate "2021.10.06"]
[SourceQuality "1"]

1. e4 e6 2. d4 d5 3. Nc3 Nf6 4. e5 Nfd7 5. f4 c5 6. Nf3 Nc6 7. Be3 Be7 8. Qd2 0-0 9. dxc5 Bxc5 10. Bxc5 Nxc5 11. Bd3 Bd7 12. 0-0 b5 13. Bxb5 Rb8 14. Bxc6 Bxc6 15. Nd4 Ba8 16. Rab1 Qb6 17. Kh1 f6 18. Qe3 Ne4 19. Nxe4 dxe4 20. exf6 Rxf6 21. c3 Rbf8 22. Kg1 Qa6 23. Nb3 Qxa2 24. Nc5 Rxf4 25. Qe2 Rxf1+ 26. Rxf1 Rxf1+ 27. Kxf1 Qd5 28. Qb5 Qd1+ 29. Kf2 Qd2+ 30. Kf1 Qd1+ 31. Kf2 Qd2+ 32. Kf1 Qf4+ 33. Ke2 Qg4+ 34. Ke3 Qg5+ 35. Kd4 Qd5+ 36. Ke3 Qg5+ 37. Kd4 Qd2+ 38. Ke5 Qd5+ 39. Kf4 Qd2+ 40. Ke5 Qd5+ 41. Kf4 Qd6+ 42. Ke3 Bc6 43. Nxe4 Qc7 44. Qc5 Qb7 45. Nd6 Qa6 46. g3 h6 47. b4 Qa4 48. Nc8 Kh7 49. Nxa7 Bd5 50. Qd4 Qa1 51. Kf4 Qe1 52. Qd3+ Kh8 53. Nc8 Qf2+ 54. Kg4 h5+ 55. Kxh5 Qxh2+ 56. Kg4 Qh6 57. c4 Qc1 58. cxd5 Qxc8 59. d6 Qd7 60. Kf4 Qf7+ 61. Ke3 Qd7 62. b5 1-0

[Event "Quebec op"]
[Site "Montreal"]
[Date "2012.07.26"]
[Round "7"]
[White "Tomb, Maroun"]
[Black "Galbadrakh, Enkh Amar"]
[Result "1-0"]
[WhiteElo "2087"]
[BlackElo "2105"]
[PlyCount "37"]
[EventDate "2012.07.21"]
[EventType "swiss"]
[EventRounds "9"]
[EventCountry "CAN"]
[SourceTitle "EXT 2022"]
[Source "ChessBase"]
[SourceDate "2021.10.06"]
[SourceVersion "1"]
[SourceVersionDate "2021.10.06"]
[SourceQuality "1"]

1. e4 c5 2. Nf3 d6 3. d4 cxd4 4. Nxd4 Nf6 5. Nc3 a6 6. Bg5 e6 7. f4 Be7 8. Qf3 Qc7 9. 0-0-0 Nbd7 10. g4 b5 11. Bxf6 Nxf6 12. g5 Nd7 13. Qh3 b4 14. g6 bxc3 15. gxf7+ Kxf7 16. Qxe6+ Kf8 17. Bc4 Ne5 18. fxe5 Bg5+ 19. Kb1 1-0

[Event "Quebec op"]
[Site "Montreal"]
[Date "2012.07.21"]
[Round "1"]
[White "Beaulieu, Pierre"]
[Black "Galbadrakh, Enkh Amar"]
[Result "0-1"]
[WhiteElo "1901"]
[BlackElo "2105"]
[PlyCount "112"]
[EventDate "2012.07.21"]
[EventType "swiss"]
[EventRounds "9"]
[EventCountry "CAN"]
[SourceTitle "EXT 2022"]
[Source "ChessBase"]
[SourceDate "2021.10.06"]
[SourceVersion "1"]
[SourceVersionDate "2021.10.06"]
[SourceQuality "1"]

1. e4 c5 2. Nf3 d6 3. Bc4 Nf6 4. Nc3 e6 5. d4 cxd4 6. Nxd4 Be7 7. 0-0 0-0 8. Bb3 a6 9. Bg5 Nc6 10. Qd2 Na5 11. Rad1 Qc7 12. Rfe1 b5 13. f3 Nc4 14. Qc1 Bb7 15. Kh1 Rac8 16. Rd3 Qc5 17. Re2 Nxb2 18. Qxb2 Qxg5 19. Rf2 Qc5 20. Nd1 Qe5 21. Ne2 Qxb2 22. Nxb2 Nd7 23. c4 Nc5 24. Rd1 Bf6 25. Nd4 bxc4 26. Bxc4 d5 27. exd5 exd5 28. Bf1 g6 29. g3 Rc7 30. Rc2 Ne6 31. Rxc7 Nxc7 32. Na4 Re8 33. Nc5 Bc8 34. Nc6 Re3 35. Nb4 Rxf3 36. Nbxa6 Nxa6 37. Bxa6 Bf5 38. Rxd5 Rc3 39. Nd7 Bg5 40. Kg1 Rc1+ 41. Kf2 Rc2+ 42. Be2 Rxa2 43. Ne5 Be6 44. Rd6 Bf6 45. Nf3 Kg7 46. Rd2 Ra5 47. Kg2 h5 48. h3 Bf5 49. Nd4 Bxd4 50. Rxd4 Ra2 51. Kf2 Bxh3 52. Ke3 Ra3+ 53. Kf4 f6 54. g4 g5+ 55. Kf5 Ra5+ 56. Ke4 Bxg4 0-1

[Event "Montreal Pere Noel op"]
[Site "Montreal"]
[Date "2010.12.30"]
[Round "5"]
[White "Bouchard, Jean Marc"]
[Black "Galbadrakh, Enkh Amar"]
[Result "0-1"]
[WhiteElo "1872"]
[BlackElo "2197"]
[PlyCount "64"]
[EventDate "2010.12.26"]
[EventType "swiss"]
[EventRounds "5"]
[EventCountry "CAN"]
[SourceTitle "EXT 2013"]
[Source "ChessBase"]
[SourceDate "2012.11.22"]
[SourceVersion "1"]
[SourceVersionDate "2012.11.22"]
[SourceQuality "1"]

1. e4 c6 2. d4 d5 3. e5 Bf5 4. c3 e6 5. Be3 Ne7 6. Nd2 Nd7 7. f4 h6 8. Ngf3 Nc8 9. Be2 c5 10. dxc5 Bxc5 11. Nd4 Bh7 12. 0-0 Ne7 13. N2b3 Bb6 14. a4 a6 15. a5 Ba7 16. Bd3 Bxd3 17. Qxd3 Nc5 18. Nxc5 Bxc5 19. b4 Bxd4 20. Bxd4 Qd7 21. Bc5 g6 22. Rad1 Qb5 23. Qh3 Rc8 24. Bxe7 Kxe7 25. g4 Qe2 26. Qh4+ g5 27. Qg3 Rc4 28. Rd4 Rhc8 29. fxg5 hxg5 30. Rxc4 Rxc4 31. Rf2 Qd1+ 32. Rf1 Qxg4 0-1

[Event "Quebec-ch Elite"]
[Site "Montreal"]
[Date "2010.10.09"]
[Round "3"]
[White "Bouchard, Jean Marc"]
[Black "Galbadrakh, Enkh Amar"]
[Result "1/2-1/2"]
[WhiteElo "1857"]
[BlackElo "2195"]
[PlyCount "159"]
[EventDate "2010.10.08"]
[EventType "swiss"]
[EventRounds "7"]
[EventCountry "CAN"]
[SourceTitle "EXT 2013"]
[Source "ChessBase"]
[SourceDate "2012.11.22"]
[SourceVersion "1"]
[SourceVersionDate "2012.11.22"]
[SourceQuality "1"]

1. e4 c5 2. Nf3 d6 3. d4 cxd4 4. Nxd4 Nf6 5. Nc3 Nc6 6. Bg5 e6 7. Nxc6 bxc6 8. Qf3 Be7 9. e5 Nd5 10. Bxe7 Qxe7 11. exd6 Qxd6 12. 0-0-0 Rb8 13. Ne4 Qe5 14. c3 0-0 15. Bd3 f5 16. Qg3 Qf4+ 17. Nd2 Qxg3 18. hxg3 e5 19. Bc4 Bb7 20. Nb3 Rbd8 21. Na5 Ba8 22. Nb3 Rf6 23. Nc5 Rfd6 24. Rh5 Rf8 25. Re1 g6 26. Rh6 Re8 27. Reh1 Re7 28. g4 Rf6 29. gxf5 Rxf5 30. f3 Rf6 31. Ne4 Rff7 32. Bb3 Rg7 33. Rd1 Kh8 34. Rhh1 Rg8 35. Rd2 Rf8 36. Re1 Kg7 37. c4 Nf4 38. c5 Nd5 39. Rdd1 h6 40. Nd6 Rf4 41. a3 h5 42. Bc2 h4 43. Re2 Kf6 44. Re4 Rxe4 45. Nxe4+ Kf5 46. Rh1 g5 47. Kd2 Kf4 48. Rg1 Rd7 49. Ke2 Ne3 50. Bd3 Nf5 51. Rd1 Bb7 52. Kf2 Ne3 53. Rd2 g4 54. Nf6 g3+ 55. Kg1 Rd4 56. Ne4 Nxg2 57. Kxg2 Ke3 58. Re2+ Kxd3 59. Nc3 Kc4 60. Rxe5 Rd2+ 61. Re2 Rxe2+ 62. Nxe2 Bc8 63. b4 Bd7 64. f4 Kb3 65. f5 Kxa3 66. f6 Be6 67. Nd4 Bd5+ 68. Kh3 Kxb4 69. Nxc6+ Kxc5 70. Nxa7 Kd6 71. Nb5+ Ke6 72. Nc3 Bc4 73. f7 Kxf7 74. Ne2 Be6+ 75. Kxh4 g2 76. Kg3 Bd5 77. Kf2 Kf6 78. Ng3 Kg5 79. Nf1 Kh4 80. Ne3 1/2-1/2